Revista del Archivo Histórico del Cuzco / (Record no. 21883)

000 -CABECERA
fixed length control field 02652nam a22004097a 4500
003 - IDENTIFICADOR DEL NÚMERO DE CONTROL
control field AR-CdUCM
008 - DATOS DE LONGITUD FIJA--INFORMACIÓN GENERAL
fixed length control field 190425b ||||| |||| 00| 0 spa d
040 ## - FUENTE DE LA CATALOGACIÓN
Agencia/entidad que catalogó originalmente la obra MUNICIPALIDAD PROVINCIAL DEL CUSCO
Entidad que transcribió la catalogación BIBLIOTECA MUNICIPAL DEL CUSCO
082 ## - NÚMERO DE LA CLASIFICACIÓN DECIMAL DEWEY
No. de Clasificación Rev.AHC/N°14/1999
110 ## - ENTRADA PRINCIPAL--NOMBRE DE ENTIDAD CORPORATIVA
Nombre de la institución, jurisdicción como entrada principal Archivo Regional del Cusco
9 (RLIN) 46600
245 ## - MENCIÓN DE TÍTULO
Título Revista del Archivo Histórico del Cuzco /
Mención de responsabilidad Universidad Nacional del Cuzco
260 ## - PUBLICACIÓN, DISTRIBUCIÓN, ETC.
Lugar de publicación, distribución, etc. Cusco :
Nombre de la editorial, distribuidor, etc. Archivo departamental del Cusco,
Fecha de publicación, distribución, etc. 1999.
300 ## - DESCRIPCIÓN FÍSICA
Nº de Páginas Extensión 202 páginas. :
Dimensiones 23 cm.
440 ## - MENCIÓN DE SERIE/PUNTO DE ACCESO ADICIONAL--TÍTULO
Título Revista del Archivo Histórico.
Número de la parte/sección de una obra N°14, 1999
9 (RLIN) 46630
505 ## - NOTA DE CONTENIDO CON FORMATO
Nota de contenido formateada Contenido: Algunas consideraciones históricas sobre los usos y consumo racionalizado de la coca entre los incas. Alfonso Contreras Cornejo.-- Introducción al estudio histórico de los títulos de la Hacienda de Punchaopuquio, Curahuasi-Cusco. Donato Amado Gonzales.-- El testamento y el codicilo de doña Beatriz Clara Coya de Loyola, hija de don Diego Sayri Tupac Ynga Yupangui y de la Coya doña María Cusi Huarcay. Gonzalo Lamana.-- Poder y abuso, el cacicazgo de Lamay siglo XVII. Nada Hughes.-- Música y músicos en el Cuzco colonial, 1650-1770. Geoffrey Baker.--De vita et moribus, Thomas Miguel, ejemplar eclesiástico en el tiempo de Tupac Amaru. Jean Jacques Decoster.-- Caciques y Tributos en el Sur Peruano después de la rebelión de los Tupac Amaru 1780-1830. David Cahill.-- La historia social del derecho y los derechos humanos. Mauricio Valiente Ots.-- Defensa de tierras, Cusco 1852. Carmen Ruiz de Pardo.-- Relación de graduados de la Universidad Nacional de San Antonio Abad del Cusco, 1807-1818. German Zecenarro Madueño.-- Mariano Herencia Cevallos: ilustre político cusqueño olvidado. Horacio Villanueva Urteaga.-- Situación económica del Departamento del Cusco en la época de Bujanda. Roberto Cáceres Olivera.
650 ## - PUNTO DE ACCESO ADICIONAL DE MATERIA--TÉRMINO DE MATERIA
Descriptor Coca
9 (RLIN) 21158
650 ## - PUNTO DE ACCESO ADICIONAL DE MATERIA--TÉRMINO DE MATERIA
Descriptor Inkas
9 (RLIN) 1899
650 ## - PUNTO DE ACCESO ADICIONAL DE MATERIA--TÉRMINO DE MATERIA
Descriptor Cacicazgo
9 (RLIN) 46631
650 ## - PUNTO DE ACCESO ADICIONAL DE MATERIA--TÉRMINO DE MATERIA
Descriptor Música cusqueña
9 (RLIN) 13074
650 ## - PUNTO DE ACCESO ADICIONAL DE MATERIA--TÉRMINO DE MATERIA
Descriptor Música colonial
9 (RLIN) 46632
650 ## - PUNTO DE ACCESO ADICIONAL DE MATERIA--TÉRMINO DE MATERIA
Descriptor Tupac Amaru
9 (RLIN) 623
700 ## - PUNTO DE ACCESO ADICIONAL--NOMBRE DE PERSONA
Nombre Personal Villanueva Urteaga, Horacio
9 (RLIN) 5790
700 ## - PUNTO DE ACCESO ADICIONAL--NOMBRE DE PERSONA
Nombre Personal Contreras Cornejo, Alonso
9 (RLIN) 46633
700 ## - PUNTO DE ACCESO ADICIONAL--NOMBRE DE PERSONA
Nombre Personal Amado Gonzales, Donato
9 (RLIN) 45219
700 ## - PUNTO DE ACCESO ADICIONAL--NOMBRE DE PERSONA
Nombre Personal Lamana, Gonzalo
9 (RLIN) 46436
700 ## - PUNTO DE ACCESO ADICIONAL--NOMBRE DE PERSONA
Nombre Personal Hughes, Nada
9 (RLIN) 46634
700 ## - PUNTO DE ACCESO ADICIONAL--NOMBRE DE PERSONA
Nombre Personal Baker, Geoffrey
9 (RLIN) 46635
700 ## - PUNTO DE ACCESO ADICIONAL--NOMBRE DE PERSONA
Nombre Personal Jacques Decoster, Jean
9 (RLIN) 31915
700 ## - PUNTO DE ACCESO ADICIONAL--NOMBRE DE PERSONA
Nombre Personal Cahill, David
9 (RLIN) 46636
700 ## - PUNTO DE ACCESO ADICIONAL--NOMBRE DE PERSONA
Nombre Personal Valiente Ots, Mauricio
9 (RLIN) 46637
700 ## - PUNTO DE ACCESO ADICIONAL--NOMBRE DE PERSONA
Nombre Personal Ruiz de Pardo, Carmen
9 (RLIN) 46638
700 ## - PUNTO DE ACCESO ADICIONAL--NOMBRE DE PERSONA
Nombre Personal Zecenarro Madueño, German
9 (RLIN) 30525
700 ## - PUNTO DE ACCESO ADICIONAL--NOMBRE DE PERSONA
Nombre Personal Villanueva Urteaga, Horacio
9 (RLIN) 5790
700 ## - PUNTO DE ACCESO ADICIONAL--NOMBRE DE PERSONA
Nombre Personal Cáceres Olivera, Roberto
9 (RLIN) 46587
942 ## - ELEMENTOS DE PUNTO DE ACCESO ADICIONAL (KOHA)
Fuente de clasificación
Tipo de item Revistas cusqueñas
945 ## - PROCESAMIENTO DE INFORMACIÓN LOCAL (OCLC)
Catalogador rac
Holdings
Estado de retiro (separado) Fuente de clasificación o esquema de estanterías Estado dañado Ubicación Sala donde se ubica Nombre de la colección Fecha de adquisición o compra Costo, precio normal en soles Signatura topográfica Código de Barras Última vez visto (Koha) Tipo de ítem (Koha)
No     Sala Hemeroteca Sala Hemeroteca Book Cart 2021-09-08 10.00 Rev.AHC/N°14/1999 REVC000402 2021-09-08 Revistas cusqueñas
No     Sala Hemeroteca Sala Hemeroteca Book Cart 2021-09-08 10.00 Rev.AHC/N°14/1999/e.2 REVC000400 2021-10-04 Revistas cusqueñas

Powered by Koha